Normal view
MARC view
- Álvarez, Sergio,
Entry Nombre Personal
001 - NUMERO DE CONTROL
- campo de control: 34270
003 - IDENTIFICADOR DE NUMERO DE CONTROL
- campo de control: UPN
005 - FECHA Y HORA DE LA ÜLTIMA TRANSACCIÓN
- campo de control: 20220904224237.0
008 - DATOS DE LONGITUD FIJA
- campo de control de longitud fija: 220904nn acannaabn n aaa d
035 ## - NUMERO DE CONTROL
- Número de control: UPN11000006377
040 ## - FUENTE DE CATALOGACIÓN
- Lenguaje de catalogación: SPA
- Agencia de transcripción: UPN
- Agencia original de catalogación: UPN
053 #4 - NÚMERO DE CLASIFICACIÓN LC
- Número de clasificación elemento-número único o número inicial de tramo: PQ8180.41 L8.8
100 1# - ENCABEZAMIENTO - NOMBRE PERSONAL
- Nombre personal: Álvarez, Sergio,
- Fechas asociadas con el nombre: 1965-
670 ## - FUENTE EN LA QUE SE LOCALIZARON DATOS
- Cita de la fuente: LC
680 ## - NOTA PUBLICA DE ACCESO PÚBLICO
- Frase explicativa de la referencia: Escritor colombiano
902 ## - CATALOGADOR
- Catalogador: MCM/141013
